| 000 | 00987nam a22002774i 4500 | ||
|---|---|---|---|
| 999 |
_c7347 _d7347 |
||
| 001 | .b75312839 | ||
| 003 | OSt | ||
| 005 | 20210518131702.0 | ||
| 008 | 210505e202103 spc 000 0 cat|c | ||
| 017 |
_aDL B 1797-2021 _bBiblioteca de Catalunya |
||
| 020 | _a9788415315957 | ||
| 040 |
_aES-BaBAB _bcat _erda _cES-BaBAB |
||
| 100 | 1 |
_aSuanya, Olga, _eautor |
|
| 245 | 1 | 0 |
_a121 cançons i 1 hotel : _bhistòries de la banda sonora de la nostra vida / _cOlga Suanya ; pròleg de Salvador Cardús |
| 250 | _aPrimera edició | ||
| 264 | 1 |
_a[Barcelona] : _bSímbol Editors, _cmarç de 2021 |
|
| 300 |
_a356 pàgines ; _c20 cm |
||
| 336 |
_atext _btxt _2rdacontent |
||
| 337 |
_asense mediació _bn _2rdamedia |
||
| 338 |
_avolum _bnc _2rdacarrier |
||
| 650 | 0 | 7 |
_aCançons _xHistòria i crítica _2lemac |
| 700 | 1 |
_aCardús i Ros, Salvador, _d1954-, _eescriptor d'un pròleg |
|
| 907 |
_a.b75312839 _b05-05-21 _c05-05-21 _d05-05-21 _em _fa _g- _hcat _ispc _j0 _k0 |
||
| 940 | _aBAB | ||
| 942 |
_2udc _cMON |
||